000 01112cab a22002295a 4500
001 L157343
008 121029e2012 xxk 000 0 eng d
035 _a(Sirsi) u157343
041 0 _aeng
100 1 _aSandher, Hardeep
245 0 0 _aMarkets
_bYorkshire and Humber
260 _c2012
490 0 _aProperty Week
_v78(42) 19 October 2012, 47-52(4)
520 _aDeveloper MEPC is to start on the third phase of its Wellington Place, Leeds, scheme which will eventually total 1.1m sq ft of offices and residential space. Retail REIT Hammerson has purchased Leeds Victoria Quarter for £136m to create link with its nearby Eastgate Quarters scheme. Scottish Widows Investment Partnership is proceeding with the redevelopment of the Moor shopping centre in Sheffield. Yorkshire Design Group has submitted plans to create the largest data centres outside London as part of a new digital hub in the south of Leeds.
590 _aKA
651 4 _aYorkshire
651 4 _aHumber
690 _aCommercial property
_96227
690 _aResidential property
_96266
700 1 _aLewis, Richard
942 _n0
999 _c84339
_d84339